000 00518cam a2200145 4500500
005 20251012032531.0
041 _afre
042 _adc
100 1 0 _aMotoret, Laurence
_eauthor
245 0 0 _aBerdjouhi, Jours de cendres à Istanbul, Marseille, Éditions Parenthèses, collection Diasporales, 2004, 206 pages.
260 _c2004.
500 _a70
786 0 _nSigila | 14 | 2 | 2004-12-20 | p. 183-184 | 1286-1715
856 4 1 _uhttps://shs.cairn.info/revue-sigila-2004-2-page-183?lang=fr&redirect-ssocas=7080
999 _c1547598
_d1547598